Science looks ahead, by Professor A.M. Low. With contributions (Record no. 183077)
[ view plain ]
| 000 -LEADER | |
|---|---|
| fixed length control field | 00730 a2200169 4500 |
| 003 - CONTROL NUMBER IDENTIFIER | |
| control field | Nust |
| 005 - DATE AND TIME OF LATEST TRANSACTION | |
| control field | 20221017124956.0 |
| 040 ## - CATALOGING SOURCE | |
| Transcribing agency | Nust |
| 082 ## - DEWEY DECIMAL CLASSIFICATION NUMBER | |
| Classification number | 600,LOW |
| 100 ## - MAIN ENTRY--PERSONAL NAME | |
| Personal name | Low, A. M. |
| 9 (RLIN) | 100458 |
| 245 ## - TITLE STATEMENT | |
| Title | Science looks ahead, by Professor A.M. Low. With contributions |
| Statement of responsibility, etc. | A.M. Low. With contributions ,Julian Huxley, C.G. Grey, G.E.T. Eyston [and others] |
| 260 ## - PUBLICATION, DISTRIBUTION, ETC. | |
| Place of publication, distribution, etc. | London, New York |
| Name of publisher, distributor, etc. | [etc.] Oxford university press |
| Date of publication, distribution, etc. | 1945 |
| 300 ## - PHYSICAL DESCRIPTION | |
| Extent | 640 p. illus., 47 pl. |
| Other physical details | on 46 l. 23 cm. |
| 505 ## - FORMATTED CONTENTS NOTE | |
| Formatted contents note | Evolution: the history of life (Page-17),The conquest of speed (Page-243),Our foods planets past and future (Page-352),The planets (Page-436), Flying (Page-496), Living fossils (Page-549). |
| 650 ## - SUBJECT ADDED ENTRY--TOPICAL TERM | |
| Topical term or geographic name entry element | Science |
| 942 ## - ADDED ENTRY ELEMENTS (KOHA) | |
| Source of classification or shelving scheme | |
| Koha item type | Book |
| Withdrawn status | Lost status | Source of classification or shelving scheme | Damaged status | Not for loan | Collection code | Permanent Location | Current Location | Date acquired | Total Checkouts | Full call number | Barcode | Date last seen | Price effective from | Koha item type |
|---|---|---|---|---|---|---|---|---|---|---|---|---|---|---|
| Military College of Signals (MCS) | Military College of Signals (MCS) | 12/12/2016 | 600 LOW | MCS29681 | 12/08/2016 | 12/12/2016 | Book |
